[Event "SV Wolfbusch-SV Marbach"]
[Site "Marbach"]
[Date "2003.04.10"]
[Round "8.8"]
[White "Montigel, Philipp"]
[Black "Rabl, Joerg Steffen"]
[Result "1/2-1/2"]
[WhiteElo "1961"]
[BlackElo "2093"]
[PlyCount "120"]
[EventDate "2003.??.??"]

1. f4 g6 2. Nf3 Nf6 3. g3 Bg7 4. Bg2 O-O 5. O-O c6 6. Qe1 d5 7. d3 Qb6+ 8. e3
Na6 9. Kh1 Bf5 10. h3 Nc5 11. Nc3 Rae8 12. g4 Bc8 13. e4 Qc7 14. e5 Nfd7 15. d4
Ne6 16. f5 Nxd4 17. Nxd4 Bxe5 18. Nf3 Bg7 19. Qh4 Nf6 20. Bh6 e5 21. fxe6 fxe6
22. Bxg7 Kxg7 23. Rae1 e5 24. Qg3 Nd7 25. Ng5 Nf6 26. Re2 Qe7 27. Rfe1 e4 28.
Ncxe4 dxe4 29. Nxe4 Nxe4 30. Rxe4 Qf7 31. Qa3 Rxe4 32. Rxe4 Re8 33. Rxe8 Qxe8
34. Qxa7 Qe1+ 35. Qg1 Qe5 36. c3 c5 37. Qd1 Be6 38. Bxb7 Bxa2 39. Qd2 Bc4 40.
Bc6 Qg3 41. Bg2 Bb3 42. Qd7+ Bf7 43. Qd2 c4 44. Kg1 h6 45. Qf2 Qxf2+ 46. Kxf2
Kf6 47. Ke3 Ke5 48. h4 g5 49. hxg5 hxg5 50. Bc6 Be6 51. Bb5 Kd5 52. Kf3 Ke5 53.
Ba4 Bd5+ 54. Ke3 Be6 55. Bd1 Bf7 56. Bc2 Be6 57. Kf3 Bd5+ 58. Kg3 Be6 59. Bh7
Bd5 60. Bg6 Be6 1/2-1/2

[Event "Post- SV Ulm-SC Lindenberg"]
[Site "?"]
[Date "2003.04.10"]
[Round "8.1"]
[White "Gaertner, Guntram"]
[Black "Mueller, Ralf"]
[Result "1/2-1/2"]
[WhiteElo "2312"]
[BlackElo "2279"]
[PlyCount "167"]
[EventDate "2003.??.??"]

1. d4 Nf6 2. c4 g6 3. Nc3 d5 4. cxd5 Nxd5 5. Bd2 Bg7 6. e4 Nb6 7. Be3 O-O 8. f4
Be6 9. d5 Bd7 10. a4 c6 11. a5 Nc8 12. e5 cxd5 13. Qxd5 Bc6 14. Qxd8 Rxd8 15.
Kf2 g5 16. Nf3 gxf4 17. Bxf4 Bxf3 18. gxf3 Nc6 19. Rg1 Kf8 20. Bb5 e6 21. a6
N8e7 22. axb7 Rab8 23. Bg5 Bxe5 24. Bxc6 Bd4+ 25. Kf1 Nxc6 26. Bxd8 Nxd8 27.
Rg4 Bb6 28. Na4 Rxb7 29. Nxb6 Rxb6 30. Rxa7 Rxb2 31. Ra8 Rd2 32. Ke1 Rd5 33.
Rc8 h5 34. Rgc4 Kg7 35. R4c5 Rxc5 36. Rxc5 Kg6 37. Rc8 Nb7 38. Rc6 Na5 39. Rc7
Nb3 40. Rc4 Na5 41. Rc8 Nb7 42. Rg8+ Kh7 43. Rg1 Nd6 44. Ke2 Nf5 45. Kd3 Kh6
46. Ke4 f6 47. Rg8 Kh7 48. Ra8 Kg7 49. Ra5 Nd6+ 50. Kd3 e5 51. f4 Nf7 52. Ke4
Kg6 53. Ra1 exf4 54. Kxf4 Ng5 55. Rg1 Kf7 56. Kf5 Ne6 57. Ra1 Ng7+ 58. Ke4 Kg6
59. Ra8 Kf7 60. Kd5 Kg6 61. Rh8 Nf5 62. Rg8+ Ng7 63. Kd6 Kf7 64. Rh8 Kg6 65.
Kd5 Kg5 66. Rg8 Kg6 67. Ke4 Kf7 68. Ra8 Kg6 69. Ra1 Kf7 70. Rg1 Ne6 71. Kf3 Ng7
72. Kg3 Kg6 73. Kh3+ Kh6 74. Rg3 Nf5 75. Rg8 Ng7 76. Kg3 Kh7 77. Ra8 Kg6 78.
Kf4 Ne6+ 79. Ke4 Ng7 80. Ra7 Ne6 81. Re7 Ng7 82. Kf4 Kh6 83. Re1 Kg6 84. Rg1+
1/2-1/2

[Event "Post- SV Ulm-SC Lindenberg"]
[Site "?"]
[Date "2003.04.10"]
[Round "8.2"]
[White "Oberst, Thomas"]
[Black "Grabher, Heinz"]
[Result "1-0"]
[WhiteElo "2227"]
[BlackElo "2264"]
[PlyCount "69"]
[EventDate "2003.??.??"]

1. e4 e5 2. Nf3 Nc6 3. Bb5 f5 4. d3 fxe4 5. dxe4 Nf6 6. O-O Bc5 7. Nc3 d6 8.
Be3 Bb6 9. Qd3 Bd7 10. a3 O-O 11. Bc4+ Kh8 12. Ng5 Qe8 13. Nd5 Bxe3 14. fxe3
Qg6 15. Nxf6 gxf6 16. Ne6 Bxe6 17. Bxe6 Ne7 18. Rf3 Rad8 19. Rg3 Qe8 20. Rf1 c6
21. Qe2 d5 22. Qg4 Qg6 23. Qh4 Qxe4 24. Qh6 Ng6 25. Rh3 Nf4 26. exf4 exf4 27.
Rh5 Qxc2 28. Bf5 Qc5+ 29. Kh1 Rf7 30. Bxh7 Qf8 31. Qg6 Rg7 32. Qf5 Qe7 33. Bg6+
Kg8 34. Rh6 d4 35. Qh5 1-0

[Event "Post- SV Ulm-SC Lindenberg"]
[Site "?"]
[Date "2003.04.10"]
[Round "8.3"]
[White "Schmidlechner, Alexander"]
[Black "Kaiser, Dieter"]
[Result "0-1"]
[WhiteElo "2230"]
[BlackElo "2280"]
[PlyCount "58"]
[EventDate "2003.??.??"]

1. d4 Nf6 2. c4 e6 3. Nf3 b6 4. g3 Bb7 5. Bg2 Be7 6. O-O O-O 7. Nc3 Ne4 8. Qc2
Nxc3 9. Qxc3 Na6 10. Rd1 Be4 11. a3 c5 12. Qe3 Bb7 13. dxc5 Nxc5 14. b4 Bf6 15.
Ra2 Na4 16. Rc2 Rc8 17. Nd4 Bxg2 18. Kxg2 d5 19. Qb3 dxc4 20. Qxa4 e5 21. Qb5
a6 22. Qxa6 exd4 23. Qb5 Qe7 24. Kg1 Qe4 25. Rdd2 d3 26. Ra2 Bc3 27. exd3 Qe1+
28. Kg2 Bxd2 29. Bxd2 Qb1 0-1

[Event "Post- SV Ulm-SC Lindenberg"]
[Site "?"]
[Date "2003.04.10"]
[Round "8.5"]
[White "Atlas, Dimitry"]
[Black "Doerflinger, Josef"]
[Result "1-0"]
[WhiteElo "2197"]
[BlackElo "2239"]
[PlyCount "73"]
[EventDate "2003.??.??"]

1. e4 e5 2. Bc4 Nf6 3. d3 Bc5 4. Nf3 d6 5. O-O Nc6 6. c3 Bb6 7. Bb3 Be6 8. Bc2
Ne7 9. d4 Ng6 10. h3 exd4 11. cxd4 Nh5 12. Ng5 Nhf4 13. Nxe6 fxe6 14. g3 Nxh3+
15. Kg2 Ng5 16. Qg4 Nf7 17. Qxe6+ Qe7 18. Qxe7+ Nxe7 19. Be3 O-O-O 20. Nc3 Rde8
21. Rad1 Nh6 22. Bxh6 gxh6 23. Na4 Ref8 24. Nxb6+ axb6 25. Rh1 Rf6 26. e5 dxe5
27. dxe5 Rc6 28. Bb3 Rf8 29. Rh5 Ng6 30. Rdh1 Rc5 31. e6 Rxh5 32. Rxh5 Rf6 33.
f4 c6 34. Kf3 Kd8 35. Ke4 Nf8 36. f5 Ke7 37. Ke5 1-0

[Event "Post- SV Ulm-SC Lindenberg"]
[Site "?"]
[Date "2003.04.10"]
[Round "8.7"]
[White "Feistenauer, Harald"]
[Black "Stiller, Patrick"]
[Result "0-1"]
[WhiteElo "1956"]
[BlackElo "2155"]
[PlyCount "72"]
[EventDate "2003.??.??"]

1. c4 Nf6 2. g3 g6 3. Bg2 Bg7 4. Nc3 O-O 5. Rb1 d6 6. Nf3 e5 7. d3 Nc6 8. O-O
Nd7 9. b4 a6 10. Nd5 Ne7 11. Qb3 c6 12. Nc3 f5 13. a4 Kh8 14. Ng5 Nf6 15. b5 h6
16. Nh3 Nd7 17. e3 Nc5 18. Qc2 Qc7 19. f4 Ne6 20. Ne2 Bd7 21. b6 Qc8 22. fxe5
dxe5 23. Nc3 Qe8 24. Ba3 Rd8 25. a5 Bc8 26. Na4 Rf7 27. Kh1 Ng8 28. Nf2 Nf6 29.
Nc5 h5 30. Nxe6 Bxe6 31. Bb2 Ng4 32. Qe2 Nxf2+ 33. Rxf2 Rfd7 34. Rd1 Bxc4 35.
Qe1 Bxd3 36. e4 Bxe4 0-1

[Event "Post- SV Ulm-SC Lindenberg"]
[Site "?"]
[Date "2003.04.10"]
[Round "8.8"]
[White "Preuss, Heiko"]
[Black "Mittermeier, Peter"]
[Result "1-0"]
[WhiteElo "2187"]
[BlackElo "1956"]
[PlyCount "89"]
[EventDate "2003.??.??"]

1. d4 d5 2. g3 g6 3. Bg2 Bg7 4. Nf3 Nf6 5. O-O O-O 6. c4 c6 7. b3 Nbd7 8. Bb2
Re8 9. Nc3 Qa5 10. cxd5 Nxd5 11. Qd2 Nxc3 12. Bxc3 Qh5 13. e4 Nf6 14. Ne1 Bh3
15. f3 Rad8 16. Qe2 Rd7 17. Bxh3 Qxh3 18. Nd3 Nh5 19. e5 Bh6 20. Rae1 Nxg3 21.
hxg3 Be3+ 22. Rf2 Qxg3+ 23. Kf1 Qh3+ 24. Kg1 Qg3+ 25. Kh1 Bxd4 26. Rg2 Qh3+ 27.
Rh2 Qf5 28. Bxd4 Rxd4 29. Nf2 h5 30. Rg2 Rh4+ 31. Kg1 Rd8 32. e6 f6 33. Qe3 g5
34. Qxa7 Qb5 35. Qe3 Rd5 36. Ne4 Rd3 37. Qf2 Rh3 38. Rg3 Qf5 39. Nxf6+ exf6 40.
e7 Rxg3+ 41. Qxg3 Qc5+ 42. Kf1 Re3 43. e8=Q+ Rxe8 44. Rxe8+ Kf7 45. Re2 1-0

[Event "SV Tuebingen-SC HP Boeblingen"]
[Site "Boeblingen"]
[Date "2003.04.10"]
[Round "8.1"]
[White "Bauer, Peter"]
[Black "Roth, Juergen"]
[Result "1-0"]
[WhiteElo "2253"]
[BlackElo "2254"]
[PlyCount "130"]
[EventDate "2003.??.??"]

1. e4 d6 2. d4 Nf6 3. Nc3 g6 4. Be3 c6 5. Qd2 b5 6. Bd3 Nbd7 7. Nf3 e5 8. h3
Bg7 9. dxe5 dxe5 10. Bh6 O-O 11. a4 b4 12. Ne2 Nc5 13. Bxg7 Kxg7 14. Nxe5 Nfxe4
15. Qxb4 Qd6 16. Bxe4 Qxe5 17. Bxc6 Ba6 18. Qc3 Rae8 19. Bxe8 Rxe8 20. O-O Bxe2
21. Qxe5+ Rxe5 22. Rfe1 a5 23. f4 Re6 24. Kf2 Bc4 25. Rxe6 Bxe6 26. Ke3 Kf6 27.
Kd4 Na6 28. c3 Ke7 29. Re1 Kd6 30. Re5 Nb8 31. Rb5 Nc6+ 32. Ke3 Bc4 33. Rb7 Bd5
34. g4 Nd8 35. Rb5 Nb7 36. b3 Bc6 37. Rb6 Kc5 38. Ra6 Bd5 39. c4 Bc6 40. f5 Bg2
41. h4 Bc6 42. Kf4 h6 43. fxg6 fxg6 44. Ke5 g5 45. hxg5 hxg5 46. Kf6 Bf3 47.
Kxg5 Bd1 48. Ra8 Bxb3 49. Rc8+ Kb6 50. Kf6 Bxa4 51. g5 Bc2 52. Ke5 a4 53. Kd4
a3 54. Ra8 Na5 55. c5+ Kb5 56. Rb8+ Ka6 57. Kc3 a2 58. Kb2 Bb1 59. Rb4 Nb7 60.
c6 Nc5 61. Rc4 Nd3+ 62. Ka1 Ne5 63. Rc5 Kb6 64. Rxe5 Kxc6 65. g6 Kd6 1-0

[Event "SV Tuebingen-SC HP Boeblingen"]
[Site "Boeblingen"]
[Date "2003.04.10"]
[Round "8.2"]
[White "Frick, Christoph"]
[Black "Tuncer, Ufuk"]
[Result "1/2-1/2"]
[WhiteElo "2193"]
[BlackElo "2204"]
[PlyCount "118"]
[EventDate "2003.??.??"]

1. e4 c5 2. Nc3 Nc6 3. g3 e6 4. Bg2 Nf6 5. f4 d5 6. d3 Be7 7. e5 Nd7 8. Nh3 g6
9. O-O h5 10. Ne2 Qc7 11. c4 dxc4 12. dxc4 b6 13. Nc3 Bb7 14. Nb5 Qb8 15. b3 a6
16. Nc3 Nd4 17. Ne4 Bc6 18. Bb2 Qb7 19. Re1 Nf5 20. Qf3 Rc8 21. Rad1 O-O 22.
Rd2 Rfd8 23. Red1 Nb8 24. Nhf2 Rxd2 25. Rxd2 Rd8 26. Rxd8+ Bxd8 27. h3 Be7 28.
Bf1 Nxg3 29. Nf6+ Bxf6 30. Qxg3 Bg7 31. Qg5 Qd7 32. Bd3 a5 33. Kf1 Na6 34. a3
Nc7 35. Ke2 a4 36. bxa4 Bxa4 37. Ne4 Kf8 38. Nf6 Qe7 39. Qg2 Bxf6 40. exf6 Qd7
41. Qg5 Ke8 42. Be5 Kd8 43. Bxg6 Qd1+ 44. Kf2 Qd2+ 45. Kf1 Qd1+ 46. Kf2 Qd2+
47. Kf1 Qc1+ 48. Kf2 Qd2+ 49. Kf1 Bb3 50. Bxf7 Bxc4+ 51. Kg1 Bd5 52. Qg8+ Kd7
53. Be8+ Nxe8 54. Qf7+ Kd8 55. Qe7+ Kc8 56. Qxe8+ Kb7 57. Qd7+ Ka6 58. Qa4+ Kb7
59. Qd7+ Ka6 1/2-1/2

[Event "SV Tuebingen-SC HP Boeblingen"]
[Site "Boeblingen"]
[Date "2003.04.10"]
[Round "8.3"]
[White "Boehm, Martin"]
[Black "Khadempour, Farhad"]
[Result "0-1"]
[WhiteElo "2255"]
[BlackElo "2168"]
[PlyCount "66"]
[EventDate "2003.??.??"]

1. c4 c5 2. Nf3 Nf6 3. d4 cxd4 4. Nxd4 Nc6 5. Nc3 e6 6. Bg5 Qa5 7. Bxf6 gxf6 8.
a3 a6 9. e3 Rg8 10. Rc1 f5 11. h3 d6 12. g4 Bd7 13. gxf5 Nxd4 14. exd4 Qxf5 15.
Bd3 Qf4 16. Bxh7 Rg2 17. Rc2 f5 18. d5 e5 19. Qh5+ Ke7 20. Bg6 Bg7 21. c5 Rh8
22. Bh7 Rg5 23. Qe2 Rxh7 24. c6 bxc6 25. dxc6 Bxc6 26. Rf1 Bb7 27. Nd1 Kd7 28.
Ne3 Qe4 29. Rc4 Qb1+ 30. Nd1 Rxh3 31. f3 Rgg3 32. Qe3 Rxf3 33. Rxf3 Bxf3 0-1

[Event "SV Tuebingen-SC HP Boeblingen"]
[Site "Boeblingen"]
[Date "2003.04.10"]
[Round "8.4"]
[White "Weber, Klaus"]
[Black "Heinl, Thomas"]
[Result "1/2-1/2"]
[WhiteElo "2138"]
[BlackElo "2230"]
[PlyCount "118"]
[EventDate "2003.??.??"]

1. e4 d6 2. d4 Nf6 3. Nc3 g6 4. f4 Bg7 5. Nf3 O-O 6. Be3 b6 7. Bd3 c5 8. h3 Bb7
9. O-O c4 10. Bxc4 Nxe4 11. Nxe4 Bxe4 12. Ng5 d5 13. Be2 Nc6 14. h4 e6 15. h5
Nb4 16. hxg6 hxg6 17. Bf2 Bf6 18. Be1 Nc6 19. Nxe4 dxe4 20. c3 Qd5 21. Qb3 Na5
22. Qxd5 exd5 23. Bd2 Rac8 24. g4 Nc4 25. Bxc4 Rxc4 26. g5 Bd8 27. f5 f6 28.
fxg6 f5 29. Kg2 Rc6 30. Bf4 Bxg5 31. Bxg5 Rxg6 32. Kg3 Rxg5+ 33. Kf4 Rg4+ 34.
Ke5 f4 35. Rg1 Rxg1 36. Rxg1+ Kh7 37. Kxd5 e3 38. Ke4 Kh6 39. Kf3 b5 40. Rg2
Re8 41. b3 Re6 42. c4 bxc4 43. bxc4 Rg6 44. c5 Re6 45. Rg1 Rf6 46. Rc1 Kg5 47.
c6 Rf8 48. c7 Rc8 49. Rc6 Kf5 50. a4 Kg5 51. a5 Kf5 52. Rc5+ Ke6 53. Kxf4 e2
54. Re5+ Kd6 55. Rxe2 Rxc7 56. Ke4 Re7+ 57. Kd3 Rxe2 58. Kxe2 Kc6 59. Ke3 Kb5
1/2-1/2

[Event "SV Tuebingen-SC HP Boeblingen"]
[Site "Boeblingen"]
[Date "2003.04.10"]
[Round "8.5"]
[White "Frolik, Erhard"]
[Black "Schmidt, Olaf"]
[Result "1/2-1/2"]
[WhiteElo "2179"]
[BlackElo "2099"]
[PlyCount "150"]
[EventDate "2003.??.??"]

1. e4 g6 2. d4 Bg7 3. Nc3 d6 4. Be3 a6 5. a4 b6 6. Qd2 Bb7 7. f3 e6 8. Nh3 Nf6
9. Be2 O-O 10. O-O d5 11. exd5 Nxd5 12. Nxd5 Qxd5 13. Nf4 Qd6 14. Rfd1 Nc6 15.
c3 Rfe8 16. Bf1 e5 17. dxe5 Qxe5 18. Bf2 Rad8 19. Nd3 Qf5 20. Re1 Ne5 21. Qf4
Qxf4 22. Nxf4 Rd2 23. Rad1 Red8 24. Rxd2 Rxd2 25. Bd4 g5 26. Nh5 f6 27. Bxe5
fxe5 28. Nxg7 Kxg7 29. Rxe5 Kf6 30. Re2 Rd1 31. Kf2 a5 32. Rc2 Bd5 33. Be2 Ra1
34. c4 Bc6 35. b3 Rb1 36. Rc3 Ke5 37. Ke3 Kd6 38. Kd4 Rg1 39. c5+ bxc5+ 40.
Rxc5 Rxg2 41. Bd3 Bxf3 42. Rxa5 Rg4+ 43. Kc3 Bd5 44. Ra6+ c6 45. Bxh7 Rh4 46.
Bf5 Rf4 47. Bd3 Rh4 48. Ra7 Rxh2 49. Rg7 Rg2 50. a5 g4 51. a6 c5 52. a7 Bf3 53.
Bc2 Rh2 54. Rxg4 Rh8 55. Rg3 Bd5 56. Rg6+ Kc7 57. Rg7+ Kc6 58. Bd3 Ra8 59. Rg6+
Kc7 60. Rg7+ Kc6 61. Bc4 Be4 62. Re7 Bd5 63. Rh7 Bxc4 64. Kxc4 Kb6 65. Rg7 Rd8
66. Rg6+ Kxa7 67. Kxc5 Rh8 68. b4 Rh5+ 69. Kc6 Rh4 70. Rg7+ Kb8 71. Rb7+ Ka8
72. Rb5 Rh6+ 73. Kc7 Rh7+ 74. Kb6 Rb7+ 75. Kc6 Rxb5 1/2-1/2

[Event "SV Tuebingen-SC HP Boeblingen"]
[Site "Boeblingen"]
[Date "2003.04.10"]
[Round "8.6"]
[White "Trettin, Ulrich"]
[Black "Born, Mario"]
[Result "1-0"]
[WhiteElo "2040"]
[BlackElo "2164"]
[PlyCount "71"]
[EventDate "2003.??.??"]

1. d4 d5 2. Nf3 c6 3. Bf4 Bf5 4. Nbd2 e6 5. e3 Nf6 6. Ne5 h6 7. Bd3 Be7 8. Bxf5
exf5 9. O-O Nbd7 10. c4 O-O 11. cxd5 Nxd5 12. Bg3 Nxe5 13. Bxe5 Bf6 14. Nc4 Nb6
15. Nd6 Bxe5 16. dxe5 Qe7 17. f4 g6 18. e4 fxe4 19. Nxe4 Nd5 20. Qb3 Rad8 21.
Rad1 Kg7 22. Qg3 Qb4 23. Nd6 f5 24. Kh1 Qb6 25. Rf3 Rd7 26. h4 h5 27. Rb3 Qa6
28. Qg5 Qe2 29. Rxd5 cxd5 30. Rg3 Rxd6 31. Qe7+ Rf7 32. Qxd6 Qf1+ 33. Kh2 Qxf4
34. Qxg6+ Kf8 35. Qd6+ Ke8 36. Kh3 1-0

[Event "SV Tuebingen-SC HP Boeblingen"]
[Site "Boeblingen"]
[Date "2003.04.10"]
[Round "8.7"]
[White "Remmler, Hans Peter"]
[Black "Koppenhoefer, Bernhard"]
[Result "0-1"]
[WhiteElo "2158"]
[BlackElo "2008"]
[PlyCount "80"]
[EventDate "2003.??.??"]

1. d4 Nf6 2. c4 g6 3. Nc3 d5 4. Bf4 Bg7 5. Rc1 O-O 6. e3 c5 7. dxc5 Qa5 8. Qa4
Qxc5 9. b4 Qc6 10. c5 Ne4 11. Qxc6 Bxc3+ 12. Rxc3 Nxc6 13. Rb3 e5 14. Bh6 Re8
15. Bd3 b6 16. b5 Na5 17. Bxe4 dxe4 18. Rc3 Be6 19. Ne2 Bxa2 20. Ng3 f5 21. O-O
Bc4 22. Rb1 Bd3 23. Rb4 bxc5 24. Ra4 Nb7 25. Rca3 Nd6 26. Rxa7 Rxa7 27. Rxa7
Nf7 28. b6 Bb5 29. Ra5 Bc6 30. Rxc5 Bb7 31. Rc7 Rb8 32. Ne2 Nxh6 33. Nc3 Nf7
34. Na4 Rc8 35. f3 Rxc7 36. bxc7 exf3 37. Nb6 Nd6 38. gxf3 Nc8 39. Nd7 Bxf3 40.
Nxe5 Bd5 0-1

[Event "SV Tuebingen-SC HP Boeblingen"]
[Site "Boeblingen"]
[Date "2003.04.10"]
[Round "8.8"]
[White "Funke, Detlev"]
[Black "Werner, Bernd Michael"]
[Result "1-0"]
[WhiteElo "2113"]
[BlackElo "2110"]
[PlyCount "104"]
[EventDate "2003.??.??"]

1. c4 Nf6 2. Nc3 g6 3. g3 Bg7 4. Bg2 d6 5. e4 e5 6. Nge2 Nc6 7. O-O O-O 8. d3
a6 9. h3 Rb8 10. Be3 Ne7 11. d4 c6 12. Qd2 b5 13. cxb5 cxb5 14. b3 Bb7 15. d5
Nd7 16. Rac1 f5 17. f3 Nf6 18. Rc2 Rf7 19. Rfc1 Kh8 20. a4 Neg8 21. axb5 axb5
22. Na2 Nh5 23. Nb4 Ra8 24. g4 f4 25. Bf2 Ng3 26. Nc6 Qf8 27. Nc3 h5 28. Nxb5
hxg4 29. hxg4 Ba6 30. Nc3 Bf6 31. b4 Bc4 32. Na5 Rxa5 33. bxa5 Rh7 34. Bxg3
fxg3 35. Ne2 Bxe2 36. Qxe2 Bg5 37. Rc3 Bxc1 38. Rxc1 Qa8 39. a6 Qa7+ 40. Kf1
Ne7 41. g5 Rf7 42. Rc2 Rf8 43. Bh3 Rb8 44. Kg2 Rb1 45. Kxg3 Ra1 46. Qh2 Kg7 47.
Be6 Qg1+ 48. Qxg1 Rxg1+ 49. Kf2 Ra1 50. Rc7 Kf8 51. a7 Ke8 52. Rb7 Ra2+ 1-0

[Event "VfL Sindelfingen-TSF Ditzingen"]
[Site "?"]
[Date "2003.04.10"]
[Round "8.1"]
[White "Schmitt, Axel"]
[Black "Estrada Nieto, Julian"]
[Result "1/2-1/2"]
[WhiteElo "2314"]
[BlackElo "2316"]
[PlyCount "123"]
[EventDate "2003.??.??"]

1. Nf3 d5 2. c4 dxc4 3. Qa4+ Nd7 4. Qxc4 Ngf6 5. d4 e6 6. g3 a6 7. Bg2 b5 8.
Qc6 Rb8 9. Bf4 Nd5 10. Bg5 Be7 11. Bxe7 Qxe7 12. Nc3 Nb4 13. Qxc7 Nc2+ 14. Kd1
Nxa1 15. Ne5 O-O 16. Nc6 Qe8 17. Nxb8 b4 18. Nc6 bxc3 19. bxc3 e5 20. d5 e4 21.
Qxc8 Qxc8 22. Ne7+ Kh8 23. Nxc8 Rxc8 24. Kd2 Nf6 25. Rxa1 Rc5 26. Rc1 Rxd5+ 27.
Ke3 Ng4+ 28. Kxe4 Re5+ 29. Kf4 h5 30. Bh3 g5+ 31. Kf3 Nxh2+ 32. Kg2 Ng4 33.
Bxg4 hxg4 34. Rc2 Kg7 35. f3 f5 36. fxg4 fxg4 37. c4 Kf6 38. c5 Ke7 39. c6 Kd8
40. c7+ Kc8 41. Kf2 Ra5 42. e3 Rf5+ 43. Kg2 Ra5 44. Kg1 Rf5 45. Rc3 Ra5 46. a3
Rb5 47. e4 Rb2 48. Kf1 Rd2 49. e5 Rd5 50. e6 Re5 51. Rc6 a5 52. a4 Re4 53. Rc5
Rxe6 54. Rxa5 Kxc7 55. Rxg5 Re4 56. a5 Kd6 57. Kf2 Ke6 58. Rb5 Ra4 59. Ke3 Kf6
60. Rh5 Kg6 61. Rd5 Kf6 62. Rd4 1/2-1/2

[Event "VfL Sindelfingen-TSF Ditzingen"]
[Site "?"]
[Date "2003.04.10"]
[Round "8.2"]
[White "Weigand, Bernhard"]
[Black "Ortmann, David"]
[Result "1-0"]
[WhiteElo "2285"]
[BlackElo "2197"]
[PlyCount "75"]
[EventDate "2003.??.??"]

1. e4 e6 2. d4 d5 3. e5 c5 4. c3 Nc6 5. Nf3 Bd7 6. Bd3 Rc8 7. dxc5 Bxc5 8. O-O
Nge7 9. Bf4 Ng6 10. Bg3 Be7 11. Nbd2 a6 12. Nb3 O-O 13. Re1 b5 14. a3 Na5 15.
Nxa5 Qxa5 16. Qe2 Qd8 17. Rad1 Rb8 18. Nd4 Rb6 19. Rf1 f5 20. exf6 Rxf6 21. Nf3
Bd6 22. Bxd6 Rxd6 23. Bxg6 Rxg6 24. Ne5 Rf6 25. Rd4 Qf8 26. f4 Be8 27. g3 Bg6
28. h4 Bf5 29. a4 bxa4 30. Rxa4 Qc8 31. Rfa1 Qc5+ 32. Kh2 h6 33. Rxa6 Rxa6 34.
Rxa6 Qc7 35. Qb5 Rf8 36. Qb6 Qe7 37. Qa7 Qe8 38. Qc7 1-0

[Event "VfL Sindelfingen-TSF Ditzingen"]
[Site "?"]
[Date "2003.04.10"]
[Round "8.3"]
[White "Wittmann, Ralf"]
[Black "Igney, Volkhard"]
[Result "0-1"]
[WhiteElo "2132"]
[BlackElo "2193"]
[PlyCount "54"]
[EventDate "2003.??.??"]

1. e4 c6 2. d4 d5 3. e5 Bf5 4. Nf3 e6 5. Be2 c5 6. Be3 Nd7 7. O-O Rc8 8. c4
dxc4 9. Qa4 a6 10. Rd1 Ne7 11. dxc5 Nc6 12. Qxc4 Qc7 13. Rxd7 Qxd7 14. Nc3 Be7
15. b4 O-O 16. a4 Qc7 17. Bf4 b6 18. Qxa6 Nxb4 19. Qb5 Qxc5 20. Nd1 Qxb5 21.
Bxb5 Rfd8 22. Nb2 Nd5 23. Bd2 Bc5 24. Nc4 Be4 25. Re1 Bxf3 26. gxf3 Nc7 27. Bc6
Rd4 0-1

[Event "VfL Sindelfingen-TSF Ditzingen"]
[Site "?"]
[Date "2003.04.10"]
[Round "8.4"]
[White "Carstens, Andreas"]
[Black "Meier, Thomas"]
[Result "0-1"]
[WhiteElo "2167"]
[BlackElo "2257"]
[PlyCount "72"]
[EventDate "2003.??.??"]

1. e4 c5 2. Nf3 d6 3. d4 cxd4 4. Nxd4 Nf6 5. Nc3 Nc6 6. Be2 g6 7. O-O Bg7 8.
Be3 O-O 9. Nb3 Be6 10. f4 Na5 11. f5 Bc4 12. Bd3 Nxb3 13. axb3 Bxd3 14. cxd3 a6
15. Kh1 d5 16. e5 d4 17. exf6 Bxf6 18. Ne4 dxe3 19. Nxf6+ exf6 20. Qf3 Qxd3 21.
fxg6 hxg6 22. Qxf6 e2 23. Rfe1 Rfe8 24. Ra4 Qd2 25. Qc3 Rad8 26. Kg1 Rd3 27.
Qxd2 Rxd2 28. Rc4 Rxb2 29. b4 Kg7 30. Kf2 Re5 31. Kf3 Rb5 32. g4 R5xb4 33. Rxb4
Rxb4 34. Rxe2 g5 35. Re7 Kg6 36. Rd7 a5 0-1

[Event "VfL Sindelfingen-TSF Ditzingen"]
[Site "?"]
[Date "2003.04.10"]
[Round "8.5"]
[White "Beyer, Christian"]
[Black "Fahnenschmidt, Gerhard"]
[Result "1/2-1/2"]
[WhiteElo "2165"]
[BlackElo "2101"]
[PlyCount "71"]
[EventDate "2003.??.??"]

1. e4 c5 2. Nf3 d6 3. d4 Nf6 4. Nc3 cxd4 5. Nxd4 a6 6. f4 e5 7. Nf3 Nbd7 8. a4
b6 9. Bc4 Qc7 10. Qe2 Be7 11. O-O Bb7 12. Kh1 O-O 13. b3 Nxe4 14. Bxf7+ Rxf7
15. Nxe4 exf4 16. Nfg5 Bxg5 17. Nxg5 f3 18. Rxf3 Bxf3 19. gxf3 Nf6 20. Nxf7
Kxf7 21. Bb2 Re8 22. Qd3 Qc5 23. Rd1 Re6 24. Bd4 Qc6 25. Rg1 g6 26. Rf1 Nh5 27.
Qxa6 Qxc2 28. Qb7+ Re7 29. Qd5+ Ke8 30. f4 Re2 31. f5 Nf4 32. Qa8+ Kd7 33. Qb7+
Ke8 34. Qa8+ Kd7 35. Qb7+ Ke8 36. Qa8+ 1/2-1/2

[Event "VfL Sindelfingen-TSF Ditzingen"]
[Site "?"]
[Date "2003.04.10"]
[Round "8.6"]
[White "Kotlyar, Dimitri"]
[Black "Stanescu, Christian"]
[Result "1/2-1/2"]
[WhiteElo "2090"]
[BlackElo "2063"]
[PlyCount "101"]
[EventDate "2003.??.??"]

1. e4 c5 2. Nf3 d6 3. d4 cxd4 4. Nxd4 Nf6 5. Nc3 a6 6. Be2 e5 7. Nf3 Be7 8. a4
h6 9. h3 Be6 10. Be3 Nbd7 11. O-O O-O 12. Nd2 d5 13. exd5 Nxd5 14. Nxd5 Bxd5
15. Nc4 Be6 16. a5 Qc7 17. b3 Rad8 18. Qe1 f5 19. f4 e4 20. Qf2 Bf6 21. Rad1
Kh8 22. Qe1 Nc5 23. Qb4 Be7 24. Ne5 Kh7 25. Qc3 Rc8 26. Bc4 Bxc4 27. Qxc4 Rf6
28. Rf2 Qxa5 29. b4 Qa3 30. Bxc5 Bxc5 31. bxc5 Rxc5 32. Qb3 Qxb3 33. cxb3 Rc3
34. Rb2 Rb6 35. b4 Rb5 36. Nf7 g6 37. Rd7 Rb6 38. Nd6+ Kg8 39. Nxb7 g5 40. fxg5
hxg5 41. Ra2 g4 42. hxg4 fxg4 43. Nc5 g3 44. Rd1 Rxb4 45. Nxa6 Rd4 46. Re1 e3
47. Ra5 e2 48. Re5 Rd2 49. Nb4 Kg7 50. Nd5 Rd1 51. R5xe2 1/2-1/2

[Event "VfL Sindelfingen-TSF Ditzingen"]
[Site "?"]
[Date "2003.04.10"]
[Round "8.7"]
[White "Baumstark, Thomas"]
[Black "Cieza, Arcadio"]
[Result "0-1"]
[WhiteElo "2080"]
[BlackElo "2206"]
[PlyCount "84"]
[EventDate "2003.??.??"]

1. Nf3 d5 2. d4 Nf6 3. c4 e6 4. Nc3 Bb4 5. Bg5 O-O 6. e3 c6 7. Qc2 Nbd7 8. Bd3
h6 9. Bh4 dxc4 10. Bxc4 Qa5 11. O-O Bd6 12. Rfd1 g5 13. Bg3 Bxg3 14. hxg3 Kg7
15. a3 a6 16. Rac1 Nd5 17. e4 Nxc3 18. Qxc3 Qxc3 19. Rxc3 b5 20. Ba2 Bb7 21. d5
exd5 22. exd5 c5 23. Re3 Rae8 24. Rde1 Rxe3 25. Rxe3 c4 26. d6 Rd8 27. Nd4 Nc5
28. Bb1 Bc8 29. Bf5 Rxd6 30. Bxc8 Rxd4 31. g4 Rd8 32. Bf5 Rd1+ 33. Kh2 Rd2 34.
Re5 Na4 35. Bc8 Rxb2 36. Bxa6 c3 37. Re7 Nc5 38. Rc7 Nxa6 39. Rxc3 Rxf2 40. Rb3
Nc7 41. Kh3 Rc2 42. Rd3 Rc4 0-1

[Event "VfL Sindelfingen-TSF Ditzingen"]
[Site "?"]
[Date "2003.04.10"]
[Round "8.8"]
[White "Weisenburger, Horst"]
[Black "Zimber, Armin"]
[Result "1-0"]
[WhiteElo "2003"]
[BlackElo "2000"]
[PlyCount "95"]
[EventDate "2003.??.??"]

1. g3 e5 2. Bg2 d5 3. d3 c6 4. Nf3 Nd7 5. c3 Ngf6 6. O-O Bc5 7. Qc2 O-O 8. b4
Bb6 9. a4 a5 10. Nbd2 Re8 11. e4 Nf8 12. h3 Ng6 13. Nb3 dxe4 14. dxe4 Be6 15.
bxa5 Bxa5 16. c4 Bb4 17. Bb2 Qc8 18. Kh2 Qc7 19. Nc1 Bf8 20. Ng5 Bd7 21. c5 h6
22. Nf3 Be6 23. Nd3 Nd7 24. Nd2 b6 25. cxb6 Qxb6 26. Nc4 Qc7 27. h4 f6 28. Ne3
Ne7 29. Bh3 Bf7 30. f4 exf4 31. Nxf4 Ne5 32. Ned5 Qb7 33. Nxe7+ Bxe7 34. Bxe5
fxe5 35. Nd3 Bf6 36. Nc5 Qe7 37. Rfd1 Ra5 38. Rac1 Rd8 39. Rxd8+ Qxd8 40. Nb7
Qb6 41. Nxa5 Qxa5 42. Qxc6 Qd2+ 43. Bg2 Bg6 44. Qd5+ Qxd5 45. exd5 Bd3 46. Bf1
Bf5 47. a5 g5 48. a6 1-0